Instant Notes On;STATISTICS/ (Record no. 199680)

MARC details
000 -LEADER
fixed length control field 00609nam a22001937a 4500
005 - DATE AND TIME OF LATEST TRANSACTION
control field 20231215153051.0
010 ## - LCCN (DPL NO)
LC control number ENG-138593
020 ## - INTERNATIONAL STANDARD BOOK NUMBER
Terms of availability 595.00
International Standard Book Number 9789390649655
035 ## - SYSTEM CONTROL NUMBER
System control number EN-122125
037 ## - SOURCE OF ACQUISITION
Source of stock number/acquisition DBAD/PUB
082 ## - DEWEY DECIMAL CLASSIFICATION NUMBER
Classification number 519.5
Edition number First
100 ## - MAIN ENTRY--PERSONAL NAME
Personal name Pardeep Kumar
245 ## - TITLE STATEMENT
Title Instant Notes On;STATISTICS/
Statement of responsibility, etc Pardeep Kumar
250 ## - EDITION STATEMENT
Edition statement First
260 ## - PUBLICATION, DISTRIBUTION, ETC. (IMPRINT)
Place of publication, distribution, etc New Delhi
Name of publisher, distributor, etc Friends Publications
270 ## - ADDRESS
City New Delhi
Address 101,4787/23,Ansari Road,Darya Ganj,
Postal code 110002
Telephone number 09811197091
Electronic mail address friendspublicationsindia@gmail.com
300 ## - PHYSICAL DESCRIPTION
Extent 166pg.
Dimensions 23cm(hb)
942 ## - ADDED ENTRY ELEMENTS (KOHA)
Source of classification or shelving scheme Dewey Decimal Classification
Item type English Books
Classification part 519.5
Call number suffix Pra
Holdings
Withdrawn status Lost status Not for loan Collection code Home library Current library Date acquired Source of acquisition Cost, normal purchase price Full call number Barcode Copy number Cost, replacement price Koha item type
      Non-fiction Sarojini Nagar Sarojini Nagar 15/12/2023 DBAD/PUB 595.00 519.5 Pra EN-122125 1 595.00 English Books

© Delhi Public Library
Hit Counter
free hit counter